Simposio Patrimonio y Política Cultural para el Siglo XXI (Record no. 103)

MARC details
000 -CABECERA
campo de control de longitud fija 00966nam a2200253 a 4500
001 - NÚMERO DE CONTROL
campo de control BRCA_118
005 - FECHA Y HORA DE LA ÚLTIMA TRANSACCIÓN
campo de control 20190320202904.0
008 - DATOS DE LONGITUD FIJA--INFORMACIÓN GENERAL
campo de control de longitud fija 950810s1994 mx-#---##b---#100-0#spa-d
020 ## - NÚMERO INTERNACIONAL ESTÁNDAR DEL LIBRO
Número Internacional Estándar del Libro 9682945380
040 ## - FUENTE DE LA CATALOGACIÓN
Centro catalogador/agencia de origen DLC
Centro/agencia transcriptor DLC
Centro/agencia modificador DLC
041 ## - CÓDIGO DE LENGUA
Código de lengua del texto/banda sonora o título independiente spa
044 ## - CÓDIGO DEL PAÍS DE LA ENTIDAD EDITORA/PRODUCTORA
Código MARC del país mx
050 #4 - SIGNATURA TOPOGRÁFICA DE LA BIBLIOTECA DEL CONGRESO
Número de clasificación F1210
Número de documento/Ítem .M46 1994
245 10 - MENCIÓN DE TÍTULO
Título Simposio Patrimonio y Política Cultural para el Siglo XXI
Mención de responsabilidad, etc. Jaime Cama Villafranca y Rodrigo Witker Barra (coordinadores).
260 ## - PUBLICACIÓN, DISTRIBUCIÓN, ETC.
Lugar de publicación, distribución, etc. México
Nombre del editor, distribuidor, etc. INAH
Fecha de publicación, distribución, etc. 1994
300 ## - DESCRIPCIÓN FÍSICA
Extensión 136 p.
Dimensiones 26 cm.
500 ## - NOTA GENERAL
Nota general Memoria del simposio realizado en el Instituto Nacional de Antropología e Historia (Ciudad de México), 1987.
611 24 - PUNTO DE ACCESO ADICIONAL DE MATERIA--NOMBRE DE REUNIÓN/CONGRESO
Nombre de congreso/reunión o jurisdicción como elemento de entrada Simposio Patrimonio y Política Cultural para el Siglo XXI
Fecha del congreso/reunión 1987
Sede del congreso/Lugar de la reunión Ciudad de México
9 (RLIN) 465
650 14 - PUNTO DE ACCESO ADICIONAL DE MATERIA--TÉRMINO DE MATERIA
Término de materia o nombre geográfico como elemento de entrada Patrimonio cultural
Subdivisión de forma Congresos
Subdivisión general Protección
Subdivisión geográfica México
9 (RLIN) 466
651 #4 - PUNTO DE ACCESO ADICIONAL DE MATERIA--NOMBRE GEOGRÁFICO
Nombre geográfico México
Subdivisión de forma Congresos
Subdivisión general Política cultural
9 (RLIN) 467
700 1# - PUNTO DE ACCESO ADICIONAL--NOMBRE DE PERSONA
Nombre de persona Cama Villafranca, Jaime
9 (RLIN) 468
700 1# - PUNTO DE ACCESO ADICIONAL--NOMBRE DE PERSONA
Nombre de persona Witker Barra, Rodrigo
9 (RLIN) 469
942 ## - ELEMENTOS DE PUNTO DE ACCESO ADICIONAL (KOHA)
Fuente del sistema de clasificación o colocación Library of Congress Classification
Tipo de ítem Koha Libros
Holdings
Estado de retiro Estado de pérdida Estado dañado No para préstamo Localización permanente Ubicación/localización actual Fecha de adquisición Total de préstamos Signatura topográfica completa Código de barras Fecha visto por última vez Precio válido a partir de Tipo de ítem Koha
El ejemplar forma parte de la colección y puede ser consultado según las políticas vigentes.       Biblioteca del Museo Franz Mayer (Rogerio Casas-Alatriste) Biblioteca del Museo Franz Mayer (Rogerio Casas-Alatriste) 25/06/2008   F1210 .M46 1994 00112 22/03/2019 22/03/2019 Libros